Score 0/20 Timer 05:00
2 Plays Today
Hint Word % Correct
Game where love means nothing to Venus and SerenaTennis
96.6%
Band of fibrous tissue attaching muscle and boneTendon
94.6%
One of the USA's fifty statesTennessee
93.1%
Appendage found on octopi and squidsTentacle
85.9%
Domingo, Carreras, or Pavarotti, e.g.Tenor
84.5%
Job security status sometimes offered to educatorsTenure
81.4%
Pulling force exerted by something (such as a string) attached to another objectTension
80.6%
Delicate or sensitiveTender
79.1%
Persistent, unyieldingTenacious
68.6%
Not yet finalized, uncertainTentative
62%
Hint Word % Correct
Proneness to a particular action, a habitTendency
61.9%
The poet Alfred who wrote 'The Charge of the Light Brigade'Tennyson
58.4%
Actor David known for his role as the tenth incarnation of the Doctor on 'Doctor Who'Tennant
54.8%
A principle, doctrine, or belief generally held in common by members of an organizationTenet
54.1%
Wes Anderson's 'Royal' familyTenenbaum
53.3%
Thin stem or leaf used by climbing plants for supportTendril
49.1%
Dubious or flimsyTenuous
40.2%
Capable of being maintained or defendedTenable
35.6%
Largest of the Canary IslandsTenerife
32.4%
Name of the sherpa Norgay who climbed Everest with HillaryTenzing
24.1%

You're not logged in!

Compare scores with friends on all Sporcle quizzes.
OR
Log In

Sporcle TV

Today on Sporcle TV


Watch our educational content, quiz creation guides, and fun videos on Sporcle TV.

Show Comments

Extras

Top Quizzes Today


Score Distribution

Paid Content

Your Account Isn't Verified!

In order to create a playlist on Sporcle, you need to verify the email address you used during registration. Go to your Sporcle Settings to finish the process.

Report this User

Report this user for behavior that violates our Community Guidelines.

Details: